[Event "15th Avicenna Open Masters 2018"]
[Site "Avicenna"]
[Date "2018.08.22"]
[Round "7"]
[White "Hosseinzadeh, Nima"]
[Black "Morchiashvili, Bachana"]
[Result "1/2-1/2"]
[WhiteElo "2299"]
[BlackElo "2382"]
[Annotator "NA"]
[PlyCount "71"]
[EventDate "2018.08.17"]
[EventType "swiss"]
[EventCountry "IRI"]
[SourceTitle "playchess.com"]
[Source "ChessBase"]
[SourceQuality "1"]
[TimeControl "5400+30"]

1. e4 {[%emt 0:00:12]} c5 {[%emt 0:00:00]} 2. Nf3 {[%emt 0:00:51]} Nc6 {[%emt 0:00:00]} 3. d4 {[%emt 0:00:11]} cxd4 {[%emt 0:00:02]} 4. Nxd4 {[%emt 0:00:07]} Qb6 {[%emt 0:00:11]} 5. Nb3 {[%emt 0:00:29] LiveBook: 2667 Games} Nf6 {[%emt 0:00:17]} 6. Nc3 {[%emt 0:00:03]} e6 {[%emt 0:01:09]} 7. Qe2 {[%emt 0:00:22]} d6 {[%emt 0:04:08]} 8. Be3 {[%emt 0:01:41] B33: Sicilian: Pelikan and Sveshnikov Variations} (8. f4 Qc7 9. Nb5 Qb8 10. g4 a6 11. N5d4 Qc7 12. Bg2 Nxd4 13. Nxd4 e5 14. Nf5 g6 15. fxe5 dxe5 {1-0 (32) Shirov,A (2673)-Ehlvest,J (2532) Puhajarve 2016}) 8... Qc7 {[%emt 0:00:15]} 9. O-O-O {[%emt 0:02:31]} a6 {[%emt 0:00:43]} 10. g4 {[%emt 0:04:34]} Be7 {[%emt 0:03:33]} 11. g5 {[%emt 0:00:29]} Nd7 {[%emt 0:00:07]} 12. f4 {[%emt 0:11:51]} b5 {[%emt 0:06:32]} 13. Qf2 {[%emt 0:00:41]} Bb7 {[%emt 0:04:23]} 14. Kb1 {[%emt 0:07:53]} b4 $146 {[%emt 0:04:50]} ({Predecessor:} 14... Na5 15. Bg2 Nc4 {1-0 (56) Czaeczine,A (2193)-Lorenz,N (1940) Germany 2018}) 15. Na4 {[%emt 0:09:27]} O-O {[%emt 0:05:29]} 16. Bd3 {[%emt 0:01:34]} Bd8 $16 {[%emt 0:10:11]} 17. Qh4 {[%emt 0:18:44]} g6 {[%emt 0:13:13]} 18. Rhf1 {[%emt 0:07:15]} Re8 {[%emt 0:13:59]} 19. f5 {[%emt 0:01:23]} exf5 {[%emt 0:01:12]} 20. exf5 {[%emt 0:00:01]} Nce5 {[%emt 0:02:11]} 21. Bd4 {[%emt 0:06:38]} Be7 {[%emt 0:08:43]} 22. Nd2 {[%emt 0:13:02]} Rac8 {[%emt 0:03:01]} 23. Nc4 {[%emt 0:04:40]} Bf8 {[%emt 0:04:40]} 24. fxg6 {[%emt 0:02:01]} fxg6 {[%emt 0:00:29]} 25. Nab6 {[%emt 0:00:17]} Nxb6 {[%emt 0:05:54]} 26. Bxb6 {[%emt 0:02:58]} Qc6 {[%emt 0:03:43]} 27. Nxe5 {[%emt 0:00:03]} dxe5 {[%emt 0:00:31]} 28. Rf6 {[%emt 0:00:02]} Qg2 {[%emt 0:01:20]} 29. Bxg6 {[%emt 0:02:43]} hxg6 {[%emt 0:00:10]} 30. Rxg6+ {[%emt 0:00:01]} Bg7 {[%emt 0:00:03]} 31. Rxg7+ {[%emt 0:00:14]} Kxg7 {[%emt 0:00:01]} 32. Rd7+ {[%emt 0:00:19]} Re7 {[%emt 0:02:06]} 33. Qh6+ {[%emt 0:02:37]} Kg8 {[%emt 0:00:05]} 34. Qg6+ {[%emt 0:00:08]} Kh8 {[%emt 0:00:16]} 35. Qf6+ {[%emt 0:00:27]} Kg8 {[%emt 0:00:06]} 36. Qg6+ {[%emt 0:00:34]} 1/2-1/2

[Event "15th Avicenna Open Masters 2018"]
[Site "Avicenna"]
[Date "2018.08.22"]
[Round "7"]
[White "Khoshkalam, Seyed Mehrab"]
[Black "Guliev, Logman"]
[Result "1/2-1/2"]
[WhiteElo "2182"]
[BlackElo "2342"]
[Annotator "NA"]
[PlyCount "103"]
[EventDate "2018.08.17"]
[EventType "swiss"]
[EventCountry "IRI"]
[SourceTitle "playchess.com"]
[Source "ChessBase"]
[SourceQuality "1"]
[TimeControl "5400+30"]

1. d4 Nf6 2. Nf3 e6 3. c4 Bb4+ 4. Bd2 Bxd2+ 5. Nbxd2 O-O 6. e3 b6 {E11: Bogo-Indian} 7. Bd3 Bb7 8. O-O d6 9. Qc2 Nbd7 10. b4 c5 11. a3 Qe7 12. Rfd1 Rfc8 $146 ({Predecessor:} 12... e5 13. d5 g6 14. e4 Nh5 15. g3 Kg7 16. Nb3 f5 17. bxc5 bxc5 18. Ne1 f4 19. Qe2 {½-½ (19) Cherednichenko,E (2170)-Ganaus,H (2331) Prague 2013}) 13. Qb2 cxd4 14. Nxd4 Ne5 15. Bf1 Ne4 16. Nxe4 Bxe4 17. Rac1 Rd8 18. f3 Bb7 19. e4 $11 Rac8 20. Kh1 Ba6 21. Qb3 Rc7 22. f4 Ng4 23. Qg3 Nf6 24. e5 dxe5 25. fxe5 Ne8 26. Be2 Rdc8 27. Qf4 Bxc4 28. Bxc4 Rxc4 29. Nf5 exf5 30. Rxc4 Rxc4 31. Qxc4 Qxe5 32. Qd5 Qe2 33. Qd2 Qc4 34. Qd7 Qe2 35. Qd2 Qc4 36. Rc1 Qe6 37. Re1 Qc8 38. Rc1 Qe6 39. Qe1 Qd7 40. Rd1 Qc8 41. Qe7 g6 42. Qxa7 Qc2 43. Re1 Nf6 44. Qb8+ Kg7 45. Qxb6 Qb2 46. b5 Ne4 47. a4 Qb4 48. Rd1 Qb3 49. Qd4+ f6 50. Ra1 Nc3 51. b6 f4 52. b7 1/2-1/2

[Event "15th Avicenna Open Masters 2018"]
[Site "Avicenna"]
[Date "2018.08.23"]
[Round "8"]
[White "Matinian, Nikita"]
[Black "Gholami Orimi, Mahdi"]
[Result "1-0"]
[WhiteElo "2506"]
[BlackElo "2333"]
[Annotator "TA"]
[PlyCount "61"]
[EventDate "2018.08.17"]
[EventType "swiss"]
[EventCountry "IRI"]
[SourceTitle "playchess.com"]
[Source "ChessBase"]
[SourceQuality "1"]

{[%evp 27,61,27,36,31,29,28,38,28,58,24,21,22,28,18,27,36,35,41,57,16,35,45,45,0,60,44,94,85,82,112,298,291,295,273,275,276]} 1. e4 e5 2. Nf3 Nc6 3. Bb5 a6 4. Ba4 Nf6 5. O-O Be7 6. d3 b5 7. Bb3 d6 8. a3 O-O 9. Nc3 Bg4 10. Be3 Qd7 {C84: Closed Ruy Lopez: Unusual White 6th moves} (10... Nd4 11. Bxd4 exd4 12. Nd5 Nxd5 13. Bxd5 Rc8 14. a4 c6 15. Bb3 d5 16. h3 Bh5 17. axb5 axb5 18. exd5 {1-0 (47) Karjakin,S (2782)-Aronian,L (2764) Paris 2018}) 11. h3 Be6 12. Nd5 Na5 13. Ba2 Nxd5 14. exd5 Bf5 {LiveBook: 3 Games} 15. b4 Nb7 16. c4 $146 Bg6 17. c5 Nd8 18. Qe2 Kh8 19. d4 e4 $1 {[%cal Re4f3]} 20. Nd2 f5 {[#] aiming for ...f4.} 21. f4 Qe8 22. Bb3 Rb8 23. a4 c6 24. axb5 axb5 25. Rfc1 Bf7 (25... Bh5 $11 26. g4 Bf7) 26. cxd6 $1 $14 Bxd6 27. dxc6 Nxc6 28. Ra6 Rc8 $2 {[#]} (28... Nxb4 $16 29. Rxd6 Qe7) 29. Bxf7 $18 {White has a decisive advantage.} Nxd4 30. Qf1 ({Not} 30. Bxd4 Rxc1+ 31. Nf1 Qd8 $16) 30... Rxc1 31. Bxe8 {Precision: White = 64%, Black = 40%.} 1-0

[Event "15th Avicenna Open Masters 2018"]
[Site "Avicenna"]
[Date "2018.08.23"]
[Round "8"]
[White "Pavlov, Sergey"]
[Black "Hosseinzadeh, Nima"]
[Result "1/2-1/2"]
[WhiteElo "2496"]
[BlackElo "2299"]
[Annotator "TA"]
[PlyCount "101"]
[EventDate "2018.08.17"]
[EventType "swiss"]
[EventCountry "IRI"]
[SourceTitle "playchess.com"]
[Source "ChessBase"]
[SourceQuality "1"]

{[%evp 24,101,24,23,28,24,16,2,22,-15,0,-42,-42,-55,-53,-53,-60,-49,-50,-45,-46,-57,-18,-18,-29,-20,-29,-79,-79,-79,-81,-87,-68,-93,-93,-93,-86,-83,-77,-79,-71,-79,-77,-80,0,0,0,0,0,0,0,0,0,0,0,0,0,0,0,0,0,0,0,0,0,0,0,0,0,0,0,0,0,0,0,0,0,0,0,0]} 1. Nf3 Nf6 2. c4 b6 3. g3 c5 4. Bg2 Bb7 5. O-O g6 6. b3 Bg7 7. Bb2 O-O 8. d4 cxd4 9. Qxd4 d6 10. Rd1 Nbd7 11. Nc3 Ne4 {A30: Symmetrical English: Double Fianchetto and Hedgehog} 12. Qe3 Nxc3 13. Bxc3 {LiveBook: 15 Games} Nf6 {White has an edge.} 14. Nd4 $146 ({Predecessor:} 14. Rac1 Rc8 15. Ne1 Qd7 16. Bxb7 Qxb7 17. Qf3 Qxf3 18. Nxf3 a6 19. Bd4 Nd7 20. Bxg7 Kxg7 21. Ne1 Nf6 {½-½ (21) Brattain,M (2380)-Azarov,S (2556) Dayton 2017}) 14... Qd7 15. a4 a6 16. h3 Rac8 17. Nf3 {[#]} Nd5 $1 {[%cal Rd5e3][%mdl 512]} 18. cxd5 Rxc3 19. Qxb6 {[#]} Bxd5 $1 {[%mdl 512]} 20. Rab1 ({Don't go for} 20. Rxd5 $2 Rc6 $19) 20... Qb7 21. Qxb7 Bxb7 22. Ne1 Bxg2 23. Kxg2 Rb8 24. Rd3 {[#]} Rc4 $1 {[%mdl 512]} 25. bxc4 Rxb1 $11 {[%mdl 4096] Endgame KRB-KRN} 26. Nc2 Rb2 27. Ne3 Rxe2 28. c5 dxc5 {And now ...Bd4 would win.} 29. Rd8+ Bf8 30. Ra8 f5 31. Rxa6 Bg7 32. Kf3 Ra2 33. g4 {[#]} Bd4 (33... fxg4+ $1 $17 34. hxg4 Kf7) 34. gxf5 {The position is equal.} gxf5 35. Nxf5 Rxf2+ 36. Ke4 Bf6 37. Nh6+ Kg7 38. Ng4 Rd2 39. Nxf6 exf6 {KR-KR} 40. Rc6 Rd4+ 41. Kf5 Rxa4 42. Rc7+ Kh6 43. Rxc5 Ra3 44. Kxf6 Rxh3 45. Rc7 Rf3+ 46. Ke5 Kg6 47. Ke4 Rf1 48. Ke3 h5 49. Ke2 Rf5 50. Rc1 Kg5 51. Rf1 {Precision: White = 79%, Black = 58%.} 1/2-1/2

[Event "15th Avicenna Open Masters 2018"]
[Site "Avicenna"]
[Date "2018.08.23"]
[Round "8"]
[White "Toufighi, Homayoon"]
[Black "Mosadeghpour, Masoud"]
[Result "1/2-1/2"]
[WhiteElo "2449"]
[BlackElo "2525"]
[Annotator "TA"]
[PlyCount "44"]
[EventDate "2018.08.17"]
[EventType "swiss"]
[EventCountry "IRI"]
[SourceTitle "playchess.com"]
[Source "ChessBase"]
[SourceQuality "1"]

{[%evp 17,44,26,20,0,0,0,0,0,0,0,0,0,-11,-10,-6,-14,0,0,0,0,10,0,7,0,7,-11,-16,-9,-7]} 1. d4 Nf6 2. Nf3 g6 3. g3 Bg7 4. Bg2 O-O 5. O-O d5 6. c4 dxc4 7. Na3 c3 8. bxc3 c5 9. e3 Nc6 {LiveBook: 481 Games} 10. Nd2 $146 {The position is equal. D77: Fianchetto Grünfeld: 6 0-0: Replies other than 6...c6} ({Predecessor:} 10. Qe2 Bf5 11. Rd1 Qb6 12. Nc4 Qa6 13. Bf1 Rfd8 14. a4 Rac8 15. Bb2 b6 16. h3 h5 17. d5 Na5 18. Nxa5 Qxe2 19. Bxe2 bxa5 {½-½ (41) Melkumyan,H (2633)-Salem,A (2638) Riadh 2017}) 10... Be6 11. Nb3 cxd4 12. cxd4 Bd5 13. Bb2 Bxg2 14. Kxg2 Rc8 15. Re1 Nb4 16. e4 Qb6 17. Nc5 Na6 18. Nd3 Nb4 19. Rb1 Nxd3 20. Qxd3 e6 21. Qb3 Qxb3 22. axb3 Rfd8 {Precision: White = 69%, Black = 80%.} 1/2-1/2

[Event "15th Avicenna Open Masters 2018"]
[Site "Avicenna"]
[Date "2018.08.23"]
[Round "8"]
[White "Czebe, Attila"]
[Black "Tahbaz, Arash"]
[Result "1/2-1/2"]
[WhiteElo "2411"]
[BlackElo "2449"]
[Annotator "TA"]
[PlyCount "45"]
[EventDate "2018.08.17"]
[EventType "swiss"]
[EventCountry "IRI"]
[SourceTitle "playchess.com"]
[Source "ChessBase"]
[SourceQuality "1"]

{[%evp 18,45,-19,-2,29,24,25,16,16,8,16,4,2,4,9,10,2,0,21,0,0,0,0,0,0,0,0,0,0,0]} 1. c4 {[%cal Bc2c4,Bc4c5][%mdl 32]} e6 2. Nc3 d5 3. d4 Be7 4. Bf4 Nf6 5. e3 O-O 6. c5 {D35: Queen's Gambit Declined: Exchange Variation} (6. Rc1 c5 7. dxc5 Bxc5 8. Nf3 Nc6 9. a3 dxc4 10. Qxd8 Rxd8 11. Bxc4 b6 12. Ke2 Bb7 13. Rhd1 Nh5 14. Bg5 Be7 15. Bxe7 Nxe7 16. Nb5 a6 17. Nc7 {½-½ (65) Karjakin,S (2783)-Meier,G (2630) chess.com INT 2017}) 6... b6 7. b4 a5 8. a3 axb4 9. axb4 Rxa1 10. Qxa1 {LiveBook: 5 Games} bxc5 11. bxc5 Nh5 12. Nf3 $146 ({Predecessor:} 12. Bg3 Nc6 {½-½ (42) Klapper,J (1838)-Herrmann,S (1955) Augsburg 2011}) 12... Nxf4 {The position is equal.} 13. exf4 Bf6 14. Bb5 Bd7 15. O-O Bxb5 16. Nxb5 Nc6 17. g3 Qa8 18. Rb1 Qxa1 19. Rxa1 Rb8 20. Ra6 Rxb5 21. Rxc6 Rb7 {[#] aiming for ...Ra7.} 22. Ra6 {Intending Ra8+ and mate.} Kf8 23. Ra8+ 1/2-1/2

[Event "15th Avicenna Open Masters 2018"]
[Site "Avicenna"]
[Date "2018.08.23"]
[Round "8"]
[White "Morchiashvili, Bachana"]
[Black "Khodashenas, Mersad"]
[Result "0-1"]
[WhiteElo "2382"]
[BlackElo "2440"]
[Annotator "TA"]
[PlyCount "142"]
[EventDate "2018.08.17"]
[EventType "swiss"]
[EventCountry "IRI"]
[SourceTitle "playchess.com"]
[Source "ChessBase"]
[SourceQuality "1"]

{[%evp 12,142,12,18,33,18,15,2,58,54,77,80,83,64,121,47,70,74,120,123,121,125,119,138,166,155,171,160,158,169,153,152,139,139,241,241,221,85,158,0,195,191,193,106,97,106,182,174,187,172,250,245,210,212,217,148,195,193,153,138,270,270,282,281,278,275,247,193,202,192,191,0,0,0,0,0,0,0,0,0,0,-12,0,0,0,0,0,0,0,0,0,-596,-584,-643,-641,-621,-570,-616,-180,-776,-776,-776,-776,-776,-711,-776,-776,-820,-821,-762,-584,-576,-272,-731,-718,-736,-516,-431,-527,-515,-504,-493,-491,-575,-570,-591,-584,-29974,-29975,-29974,-29976,-29974,-5106]} 1. d4 Nf6 2. Nf3 e6 3. c4 Bb4+ 4. Nbd2 d5 5. e3 O-O 6. Bd3 dxc4 7. Bxc4 {LiveBook: 21 Games} a6 {E11: Bogo-Indian} (7... c5 8. dxc5 Bxc5 9. O-O Nc6 10. a3 Ng4 11. b4 Bxe3 12. fxe3 Nxe3 13. Qe2 Nxf1 14. Nxf1 Nd4 15. Qd3 Nxf3+ 16. gxf3 Qxd3 17. Bxd3 {½-½ (73) Giroyan,G (2407)-Bauer,C (2644) Cannes 2018}) 8. a3 Be7 9. Qe2 $146 ({Predecessor:} 9. O-O c5 10. dxc5 Bxc5 11. b4 Be7 12. Bb2 b5 13. Be2 Bb7 14. Rc1 Nc6 15. Nb3 Qxd1 16. Rfxd1 Rfd8 17. Nfd4 {½-½ (17) Boshra,A (1964)-Latreche,S (2045) Khartoum 2016}) 9... Nc6 ({Better is} 9... b5 $11 10. Bd3 Nbd7) 10. b4 {[%cal Bb2b4,Bb4b5][%mdl 32]} Bd6 11. Bb2 Qe8 12. Ne5 Nd7 (12... Nd5 $14) 13. f4 (13. Nxc6 $16 bxc6 14. O-O) 13... a5 14. b5 Ncxe5 15. fxe5 Be7 16. O-O Nb6 17. Bd3 $36 {[%mdl 2048] White is on the roll.} Na4 18. Ne4 (18. Qh5 g6 $17) 18... f5 19. exf6 $1 gxf6 20. Rf3 Nxb2 21. Qxb2 Qd8 22. Qf2 f5 (22... Kh8 $16) 23. Qg3+ $18 Kf7 24. Qh3 (24. Qg4 $18 Qd7 25. Qh5+ Kg8 26. Ng5 (26. Rh3 Bd8 $18) (26. Rg3+ Kh8 $18) 26... Bxg5 27. Qxg5+ Kh8 28. Rg3) 24... Kg7 ({Black should play} 24... Kg8) 25. Qg3+ (25. Rg3+ $6 Kh8 $14) 25... Kf7 $1 26. Rc1 Ke8 {[#]} 27. Nc5 (27. Rxc7 $6 fxe4 28. Rxf8+ (28. Bxe4 Qd6 $11) 28... Kxf8 $14) (27. Be2 $1 $18) 27... Bd6 $16 28. Qh3 Qe7 (28... Qg5 $16) 29. e4 $18 {[%cal Re4f5]} b6 30. Na6 {And now e5 would win.} (30. exf5 bxc5 31. fxe6 Rxf3 $11) 30... e5 (30... Kd8 $142 31. e5 (31. exf5 exf5 32. Rff1 f4 $14) 31... Bxa3 32. Rxc7 Qg5 33. Qxh7 Be7) 31. dxe5 (31. exf5 exd4 32. Rff1 Kd8 $16) 31... Qxe5 32. exf5 {[#] Threatens to win with Re3.} Kd8 33. Qh4+ Qf6 34. Qxf6+ ({But not} 34. Qxh7 $6 Rh8 $14) 34... Rxf6 35. Be4 c6 (35... Bxa6 $16 {was called for.} 36. Bxa8 Bxb5) 36. Rxc6 Bxa6 37. bxa6 Rxa6 38. g4 h6 39. Kg2 Be5 40. Rd3+ Ke7 41. Rd5 $2 (41. Rc2 $18 Ra7 42. Bf3) 41... Rxc6 $11 42. Rxe5+ {[%mdl 4096] Endgame KRR-KRB} Kf6 43. Re8 Rd6 $1 44. Rf8+ Ke5 45. Kf3 $1 b5 46. Rb8 Rdb6 47. Re8+ Kf6 {Strongly threatening ...b4.} 48. h4 b4 49. axb4 a4 {[%cal Ba5a4,Ba4a3,Ba3a2][%mdl 32] Hoping for ...a3.} 50. Bd3 Ra7 {White must now prevent ...a3.} 51. b5 $2 {[%mdl 8192]} (51. Rg8 $11 {and White stays safe.} Ke5 52. Re8+ Kf6 53. Bb1) 51... a3 $19 52. Re1 a2 53. Ra1 Ra3 54. Ke2 Ra4 $2 (54... Rb8 {...Rc8 is the strong threat.} 55. Bc4 Rc8 56. g5+ Kxf5 57. Rxa2 Rxa2+ 58. Bxa2 Rc2+ 59. Kd3 Rxa2 60. gxh6 Ra7) 55. Kd2 $2 (55. Bc2 Ra3 56. Bd3) 55... Rd6 56. Kc2 Rxg4 57. Bf1 Rf4 58. Kb3 Rf3+ 59. Kb4 Rd2 60. Bc4 Rb2+ 61. Ka5 Kxf5 (61... Ra3+ $142 62. Kb6 Kxf5) 62. Ka6 $2 (62. Ka4) 62... Ra3+ 63. Kb7 Rb4 64. Bxa2 Rxb5+ 65. Kc6 Rba5 66. Rf1+ Kg4 67. Bf7 Kxh4 68. Kd6 h5 69. Be6 Ra6+ {Black mates.} 70. Ke5 Re3+ 71. Kf4 Raxe6 {Precision: White = 52%, Black = 46%.} 0-1

[Event "15th Avicenna Open Masters 2018"]
[Site "Avicenna"]
[Date "2018.08.23"]
[Round "8"]
[White "Daghli, Arash"]
[Black "Veisi, Bardia"]
[Result "1-0"]
[WhiteElo "2362"]
[BlackElo "2273"]
[Annotator "TA"]
[PlyCount "107"]
[EventDate "2018.08.17"]
[EventType "swiss"]
[EventCountry "IRI"]
[SourceTitle "playchess.com"]
[Source "ChessBase"]
[SourceQuality "1"]

{[%evp 28,107,40,0,52,51,160,63,60,59,63,29,80,75,68,77,86,88,214,214,228,220,213,199,212,172,198,205,204,204,290,260,212,159,165,165,160,154,205,183,297,287,291,275,291,287,280,247,281,281,264,222,212,210,261,265,271,261,328,323,327,318,304,277,438,321,288,299,588,637,605,587,655,615,1476,1513,1485,1137,29982,29983,29982,29980]} 1. c4 Nf6 2. Nc3 g6 3. d4 Bg7 4. g3 O-O 5. Bg2 d6 6. Nf3 Nbd7 7. O-O e5 8. e4 Re8 9. Re1 exd4 10. Nxd4 c6 11. h3 a5 12. Be3 a4 13. Qc2 Nc5 14. Rad1 Qa5 15. f4 {[#] LiveBook: 5 Partien. E69: Königsindisch (Hauptvariante des g3-Systems mit e2-e4 und h2-h3)} Qa6 $146 (15... Be6 $11) ({Vorgänger:} 15... Qb4 16. a3 Qa5 17. Bf2 Nfd7 18. Na2 Na6 19. Nf3 Bf8 20. Bd4 Nac5 21. Kh2 Qc7 22. Nc3 Qa5 {1-0 (49) Avrukh,B (2668)-Lopez Martinez,J (2570) Novi Sad 2009}) 16. a3 $14 Ne6 {[#]} (16... Nfd7 $14) 17. Bf1 ({Besser ist} 17. Nf3 $1 $16) 17... Nc5 {[%cal Rf6e4]} 18. Bf2 $1 Qa5 19. Nf3 Bf8 (19... Rxe4 $11 {bleibt in der Remisbreite.} 20. Nxe4 Nfxe4) 20. g4 Nfd7 21. Bg3 Nb3 22. Kg2 Nb6 (22... Nbc5 $16) 23. f5 $18 Nd7 24. Bxd6 Bxd6 25. Rxd6 Ne5 {Die Idee ist ...Sxf3.} 26. Qd1 Nxf3 27. Qxf3 (27. Kxf3 $6 Qc7 $16) 27... Qe5 28. Red1 Qe7 (28... Nc5 {kämpft weiter.} 29. Qe3 gxf5) 29. Qf2 Ra5 30. Be2 Re5 31. Bf3 Nc5 32. Qd4 gxf5 (32... f6 $16 {ist wohl besser.} 33. Kg1 Qf7) 33. exf5 Nb3 (33... f6 $142 34. Kg1 h5) 34. Qf4 Nc5 35. Qh6 Qf8 36. Qxf8+ Kxf8 37. Rd8 Ke7 38. Rxe8+ Kxe8 39. Ne4 Nxe4 40. Re1 Kd8 41. Rxe4 {[%mdl 4096] Endspiel KTL-KTL} ({Bloß nicht} 41. Bxe4 $6 b6 $18) 41... Rc5 42. Be2 b5 43. Kf3 Ba6 44. Ke3 {[#] zielt auf Kd4 ab.} bxc4 45. Kd4 c3 (45... Ra5 $142 46. Kc3 (46. Bxc4 Bxc4 47. Kxc4 Rb5 $16) 46... h6) 46. bxc3 Rd5+ 47. Ke3 Ra5 $2 (47... Bxe2 48. Kxe2 Rc5) 48. Bxa6 Rxa6 {KT-KT} 49. Kf4 h6 50. h4 {[%cal Bh3h4,Bh4h5][%mdl 32]} Ra5 51. g5 hxg5+ 52. Kxg5 Rc5 53. c4 Ra5 54. h5 {Precision: Weiß = 71%, Schwarz = 33%.} 1-0

[Event "15th Avicenna Open Masters 2018"]
[Site "Avicenna"]
[Date "2018.08.23"]
[Round "8"]
[White "Rastbod, Ali"]
[Black "Mousavi, Seyed Khalil"]
[Result "1/2-1/2"]
[WhiteElo "2311"]
[BlackElo "2458"]
[Annotator "TA"]
[PlyCount "68"]
[EventDate "2018.08.17"]
[EventType "swiss"]
[EventCountry "IRI"]
[SourceTitle "playchess.com"]
[Source "ChessBase"]
[SourceQuality "1"]

{[%evp 18,68,27,10,41,37,71,79,100,97,154,148,167,170,149,153,152,152,252,224,242,160,141,167,164,180,172,168,163,159,158,145,155,156,148,152,184,193,165,95,108,0,0,0,0,0,0,0,0,0,0,0,0]} 1. c4 c5 2. Nc3 Nc6 3. Nf3 e5 4. e3 Nf6 5. d4 cxd4 6. exd4 e4 7. Ne5 Bb4 8. Be2 Qa5 9. Nxc6 dxc6 10. Qc2 {LiveBook: 3 Games. A34: Symmetrical English: 2 Nc3, lines with ...d5} (10. Bd2 O-O 11. O-O Re8 12. a3 Bxc3 13. Bxc3 Qg5 14. Qc1 e3 15. fxe3 Bg4 16. Bf3 Qxe3+ 17. Qxe3 Rxe3 18. Bxg4 Nxg4 {½-½ (34) Grischuk,A (2752)-Dominguez Perez,L (2712) Beijing 2011}) 10... Qf5 $146 ({Predecessor:} 10... O-O 11. a3 Bxc3+ 12. Qxc3 Qxc3+ 13. bxc3 b6 14. h3 h6 15. a4 Ba6 16. Be3 Rfd8 17. g4 Ne8 {1-0 (54) Cvitan,O (2550)-Stevic,H (2610) Stari Mikanovci 2010}) 11. a3 Be7 12. h3 {White is better.} h5 13. Be3 O-O (13... Qg6 $142) 14. O-O-O h4 15. g4 hxg3 16. fxg3 {[%cal Bf2g3,Bg3g4][%mdl 32]} b5 17. g4 (17. cxb5 $6 Nd5 $11) 17... Qh7 (17... Qg6 $16 {was called for.}) 18. d5 $18 {[%cal Bd4d5,Bd5d6][%mdl 32]} ({Not} 18. cxb5 Nd5 $14) ({Don't take} 18. g5 $6 Nh5 $16) 18... bxc4 19. d6 ({Don't play} 19. Bxc4 $6 cxd5 20. Nxd5 Bd8) 19... Bd8 20. Bxc4 Be6 21. Bxe6 fxe6 22. Qb3 Nd5 23. Nxd5 cxd5 {[#]} 24. Rxd5 $1 {[%mdl 512] Hoping for Re5.} Rc8+ (24... exd5 25. Qxd5+) 25. Rc5 Rxc5+ 26. Bxc5 Qg6 27. Be3 Rf3 {[#] Threatens to win with ...Rxe3!} 28. Qb8 ({White should try} 28. Re1 $18) 28... Qf6 $16 29. Bxa7 ({White should play} 29. Re1 $16) 29... Rf1+ $11 {The position is equal.} 30. Rxf1 Qxf1+ 31. Kd2 Qd3+ 32. Ke1 Qb1+ 33. Kf2 Qc2+ 34. Kf1 Qd1+ {Precision: White = 80%, Black = 66%.} 1/2-1/2

[Event "15th Avicenna Open Masters 2018"]
[Site "Avicenna"]
[Date "2018.08.23"]
[Round "8"]
[White "Daneshvar, Bardiya"]
[Black "Molaei, Mohammadamin"]
[Result "1/2-1/2"]
[WhiteElo "2290"]
[BlackElo "2377"]
[Annotator "TA"]
[PlyCount "30"]
[EventDate "2018.08.17"]
[EventType "swiss"]
[EventCountry "IRI"]
[SourceTitle "playchess.com"]
[Source "ChessBase"]
[SourceQuality "1"]

{[%evp 13,15,-90,91,93]} 1. d4 Nf6 2. c4 g6 3. Nc3 d5 4. Bf4 Bg7 5. e3 c5 6. dxc5 Qa5 7. cxd5 {D82: Grünfeld: 4 Bf4} (7. Qa4+ Qxa4 8. Nxa4 Bd7 9. Nc3 Ne4 10. Nxd5 Na6 11. f3 Nexc5 12. O-O-O e6 13. Nc3 Bxc3 14. bxc3 f6 15. e4 e5 16. Be3 Rc8 {½-½ (34) Akobian,V (2647)-So,W (2786) Saint Louis 2018}) 7... O-O $2 {[#] LiveBook: 4 Games} (7... Nxd5 $17 {keeps the pressure on.} 8. Qxd5 Bxc3+ 9. bxc3 Qxc3+ 10. Ke2 Qxa1) 8. Qd2 {Predecessor:} Nbd7 $146 9. a3 Nxc5 10. Bc4 Qb6 11. f3 Bd7 12. Nge2 Rfc8 13. Rc1 Ne8 14. b4 Na4 15. Nxa4 Bxa4 {½-½ (29) Yanchenko,R (2311)-Danin,A (2572) Vladivostok 2014} 1/2-1/2